Trouve les rappeurs Français #2 - Statistiques

Statistiques générales
  • Ce quiz a été pris 217 fois
  • Le résultat moyen est 13 sur 16
Statistiques - réponses
Par images Réponse % Correct
SCH
99%
Booba
98%
Ninho
95%
Nekfeu
91%
PLK
91%
La Fouine
88%
Lacrim
87%
Kalash Criminel
82%
Lomepal
82%
Freeze Corleone
79%
Rim'K
78%
Dinos
72%
Népal
68%
JoeyStarr
66%
Larry
56%
Médine
56%
Aucun quiz correspondant
Distribution des résultats
% des personnes avec chaque résultat
Percentile par nombre de réponses
Votre historique - résultats
Vous n’avez pas pris ce quiz